000 00463nam a2200169 i 4500
001 71707
003 ES-MaACL
005 20230906171214.0
007 t|
008 040817s1972 sp ||||1| eng d
100 1 _aGersch, Alexander.
_956496
245 1 0 _aOn the theory of exchange value /
_cAlexander Gersch.
260 _a[Barcelona :
_bAriel,
_c1972]
300 _aVIII, 212 p. ;
_c25 cm.
500 _aEs el t. 2.
852 _aES-MaACL
_jC-54230-5
_bR.85951
999 _c71707
_d71707